000 00409nam a2200157Ia 4500
008 210716s2012 xx 000 0 und d
020 _a9788120345904
041 _aeng
082 _a657.046 RAOP
100 _aRao, P Mohana.
245 _aFundamentals of accounting for CPT.
250 _a1
260 _aNew Delhi
_bPHI Learning private limited.
_c2012
300 _axvi,585
650 _aAccounting(657)
999 _c208177
_d208177